000 00390pab a2200145 454500
008 180718b2000 xxu||||| |||| 00| 0 eng d
100 _aArief, Sritua
245 _aDialectics of industrialization in Indonesia
260 _c2000
300 _ap.84-98
650 _aIndustrialization - Indonesia
650 _aIndustrialization
773 _aJournal of Contemporary Asia
909 _a44564
999 _c44564
_d44564